Statistics for 100 largest european cities

Click here to take the quiz!

General Stats

  • This quiz has been taken 34 times
  • The average score is 59 of 100

Answer Stats

CountryCityPopulation% Correct
FranceParis2,152,000
100%
GermanyBerlin3,387,000
97%
UKLondon7,074,000
97%
SpainMadrid2,824,000
97%
RussiaMoscow8,297,000
97%
ItalyRome2,649,000
97%
RussiaSaint Petersburg4,678,000
97%
PolandWarsaw1,615,000
97%
SpainBarcelona1,455,000
94%
HungaryBudapest1,825,000
94%
GermanyHamburg1,705,000
94%
UkraineKyiv2,590,000
94%
ItalyMilan1,306,000
94%
AustriaVienna1,540,000
94%
NetherlandsAmsterdam729,000
91%
GreeceAthens772,000
91%
DenmarkCopenhagen499,000
91%
GermanyMunich1,195,000
91%
RomaniaBucharest2,016,000
88%
GermanyFrankfurt644,000
88%
BelarusMinsk1,677,000
88%
ItalyNaples1,047,000
88%
NorwayOslo505,000
88%
Czech RepublicPrague1,193,000
88%
LatviaRiga793,000
88%
SwedenStockholm744,000
88%
SpainValencia736,000
88%
FinlandHelsinki549,000
85%
PortugalLisbon563,000
85%
BulgariaSofia1,139,000
85%
ItalyTurin921,000
85%
SerbiaBelgrade1,594,000
82%
UKBirmingham1,021,000
82%
GermanyCologne963,000
82%
PolandKrakow740,000
82%
FranceMarseille800,000
82%
NetherlandsRotterdam593,000
82%
CroatiaZagreb868,000
82%
UKGlasgow616,000
79%
ItalyPalermo689,000
76%
BosniaSarajevo529,000
76%
GermanyStuttgart582,000
76%
UkraineLviv786,000
73%
LithuaniaVilnius578,000
73%
GermanyDusseldorf569,000
70%
UkraineOdessa1,002,000
70%
UkraineDonetsk1,050,000
67%
SpainMalaga543,000
67%
MoldovaChisinau658,000
64%
UkraineKharkiv1,494,000
64%
UKLeeds727,000
64%
SpainSevilla695,000
64%
GermanyBremen540,000
61%
GermanyDortmund590,000
61%
GermanyEssen600,000
61%
GermanyHannover515,000
61%
UkraineDnepropetrovsk1,108,000
58%
RussiaKazan1,092,000
58%
UKSheffield530,000
58%
RussiaVolgograd992,000
58%
RussiaYekaterinburg1,267,000
55%
RussiaOmsk1,153,000
52%
RussiaRostov1,003,000
52%
RussiaNizhny Novgorod1,358,000
48%
RussiaNovosibirsk1,400,000
48%
SpainZaragoza601,000
48%
PolandLodz803,000
45%
RussiaPerm1,014,000
45%
RussiaSamara1,165,000
45%
PolandPoznan578,000
42%
PolandWroclaw637,000
42%
RussiaUfa1,088,000
39%
RussiaIrkutsk591,000
36%
RussiaChelyabinsk1,084,000
33%
RussiaKrasnodar640,000
33%
RussiaVladivostok607,000
33%
RussiaVoronezh903,000
33%
RussiaKrasnoyarsk876,000
30%
RussiaSaratov875,000
30%
GermanyDuisburg520,000
24%
RussiaTolyatti720,000
21%
ItalyGenova656,000
18%
UkraineKryvyi rih705,000
18%
RussiaOrenburg523,000
15%
RussiaTyumen502,000
15%
RussiaUlyanovsk668,000
15%
RussiaYaroslav614,000
15%
RussiaIzhevsk654,000
12%
RussiaKhabarovsk609,000
12%
RussiaBarnaul580,000
9%
RussiaLipetsk519,000
9%
RussiaTula506,000
9%
UkraineMykolaiv510,000
6%
RussiaRyazan528,000
6%
RussiaKemerovo492,000
3%
RussiaNovokuznetsk564,000
3%
RussiaPenza528,000
3%
GreeceSalonika749,000
3%
UkraineZaporozhye850,000
3%
RussiaNaberezhnye Tchelny521,000
0%

Score Distribution

Percentile by Number Answered

Percent of People with Each Score

Your Score History

You have not taken this quiz